[Event "Moscow RUS"]
[Site "?"]
[Date "1996.??.??"]
[Round "8"]
[White "Frolov Denis"]
[Black "Vorotnikov Vladislav V"]
[Result "1-0"]
[WhiteElo "2340"]
[BlackElo "2510"]
[PlyCount "78"]
[EventDate "1996.??.??"]
[Source "www.chesslib.no"]
[SourceDate "2004.05.04"]

1. e4 e5 2. Nf3 Nc6 3. Nc3 g6 4. d4 exd4 5. Nxd4 Bg7 6. Be3 d6 7. Qd2 Nf6 8. f3 O-O 9. O-O-O Nxd4 10. Bxd4 Be6 11. g4 c6 12. g5 Nh5 13. Bxg7 Nxg7 14. f4 b5 15. f5 gxf5 16. exf5 Bxf5 17. Bd3 Bxd3 18. Qxd3 d5 19. h4 b4 20. Ne2 Re8 21. Nd4 Qd7 22. h5 Re4 23. g6 fxg6 24. hxg6 h5 25. Qd2 Nf5 26. Nb3 Qd6 27. Rxh5 Qf4 28. Qxf4 Rxf4 29. Nc5 Re8 30. Nd3 Rf3 31. Nxb4 Re2 32. Nxc6 Rff2 33. Nb4 Ne3 34. Rdh1 a5 35. Nd3 Rxc2+ 36. Kb1 Rfd2 37. Re5 d4 38. Re4 Rxd3 39. Rxe3 Rxb2+ 1-0

[Event "Lugano op"]
[Site "Lugano"]
[Date "1982.??.??"]
[Round "?"]
[White "Ekstroem, Roland"]
[Black "Mariotti, Sergio"]
[Result "1-0"]
[WhiteElo "2390"]
[BlackElo "2455"]
[PlyCount "63"]
[EventDate "1982.03.??"]
[Source "ChessBase"]

1. e4 e5 2. Nf3 Nc6 3. Nc3 g6 4. Bc4 Bg7 5. d3 h6 6. Be3 d6 7. h3 f5 8. exf5 gxf5 9. d4 exd4 10. Nxd4 Nf6 11. O-O Ne5 12. Ne6 Qe7 13. Nd5 Nxd5 14. Qh5+ Kd7 15. Bxd5 c6 16. Bb3 d5 17. Nxg7 Qxg7 18. f4 Rg8 19. Rf2 Nc4 20. Bxc4 dxc4 21. Rd1+ Kc7 22. Bd4 Qg6 23. Be5+ Kb6 24. Qe2 Be6 25. Qe3+ Kb5 26. b4 b6 27. a4+ Ka6 28. b5+ cxb5 29. axb5+ Kxb5 30. Qf3 Rgd8 31. Bd6 c3 32. Rb1+ 1-0

[Event "Oakham"]
[Site "Oakham"]
[Date "1992.??.??"]
[Round "2"]
[White "Degraeve, Jean Marc"]
[Black "Volzhin, Alexander"]
[Result "1-0"]
[WhiteElo "2470"]
[BlackElo "2370"]
[PlyCount "73"]
[EventDate "1992.03.??"]
[Source "ChessBase"]

1. e4 e5 2. Nf3 Nc6 3. Nc3 g6 4. Bc4 Bg7 5. a3 d6 6. d3 Nf6 7. Be3 O-O 8. Qd2 Bg4 9. Ng5 Nd4 10. h3 Bd7 11. f4 c6 12. O-O b5 13. Ba2 a5 14. Rae1 Be8 15. Nd1 h6 16. fxe5 dxe5 17. c3 hxg5 18. cxd4 Nh7 19. d5 cxd5 20. Bxd5 Rc8 21. Rf2 a4 22. Ref1 Qe7 23. Ba2 Kh8 24. Nc3 f6 25. Nd5 Qb7 26. d4 exd4 27. Bxd4 Bf7 28. h4 gxh4 29. Rxf6 Nxf6 30. Rxf6 Kh7 31. Rf4 Bxd4+ 32. Qxd4 Rc1+ 33. Kh2 Qb8 34. Nf6+ Kh6 35. e5 g5 36. Bxf7 Rxf7 37. Rxh4+ 1-0

[Event "Bled op"]
[Site "Bled"]
[Date "1992.??.??"]
[Round "3"]
[White "Podlesnik, Bogdan"]
[Black "Sermek, Drazen"]
[Result "0-1"]
[WhiteElo "2370"]
[BlackElo "2465"]
[PlyCount "92"]
[EventDate "1992.??.??"]
[Source "ChessBase"]

1. e4 e5 2. Nf3 Nc6 3. Nc3 g6 4. d4 exd4 5. Nxd4 Bg7 6. Be3 Nge7 7. Qd2 d6 8. O-O-O Be6 9. Nxe6 fxe6 10. Bh6 O-O 11. Bxg7 Kxg7 12. f4 e5 13. g3 Qd7 14. Bd3 Nd4 15. h4 Qg4 16. h5 Nf3 17. Be2 Nxd2 18. Bxg4 Nc4 19. Be2 Ne3 20. Rd3 exf4 21. gxf4 Ng2 22. f5 Nf4 23. Rg3 Kf6 24. fxg6 hxg6 25. hxg6 Nexg6 26. Rh7 Rf7 27. Rh6 Rh8 28. Nd5+ Kg7 29. Nxf4 Rxh6 30. Ne6+ Kh8 31. Nd4 Rf2 32. b3 Ne5 33. Bc4 Nxc4 34. bxc4 Rhh2 35. Rc3 Rf4 36. Nb5 Rxe4 37. Nxc7 Rhh4 38. Nb5 Rxc4 39. Rxc4 Rxc4 40. Nxd6 Rb4 41. a3 Rb6 42. Nc4 Rc6 43. Na5 Rc7 44. Kb2 Kg7 45. Kb3 Kf6 46. Kb4 Rxc2 0-1

[Event "Epikinonias op 3rd"]
[Site "?"]
[Date "1999.05.??"]
[Round "6"]
[White "Cela Altin"]
[Black "Simeonidis Ioannis"]
[Result "1-0"]
[WhiteElo "2536"]
[BlackElo "2295"]
[PlyCount "27"]
[EventDate "1999.??.??"]
[Source "www.chesslib.no"]
[SourceDate "2004.05.04"]

1. e4 e5 2. Nf3 Nc6 3. Nc3 g6 4. d4 exd4 5. Nd5 Bg7 6. Bg5 f6 7. Bh4 Nce7 8. Qxd4 Nxd5 9. Qxd5 Qe7 10. O-O-O d6 11. Bc4 Nh6 12. e5 dxe5 13. Nxe5 g5 14. Ng6 1-0

[Event "RUS-Cup3"]
[Site "Omsk"]
[Date "1996.??.??"]
[Round "3"]
[White "Uskova, Fliura"]
[Black "Varavin, Viktor"]
[Result "0-1"]
[WhiteElo "2310"]
[BlackElo "2520"]
[PlyCount "126"]
[EventDate "1996.12.13"]
[Source "ChessBase"]
[SourceDate "1997.04.10"]

1. e4 e5 2. Nf3 Nc6 3. Nc3 g6 4. d4 exd4 5. Nxd4 Bg7 6. Be3 Nf6 7. Be2 O-O 8. O-O Re8 9. Nxc6 bxc6 10. Bg5 h6 11. Bh4 Rb8 12. Rb1 g5 13. Bg3 Nxe4 14. Nxe4 Rxe4 15. Bd3 Re8 16. f4 d6 17. fxg5 Qxg5 18. Bf4 Qd5 19. Qd2 h5 20. Rf3 h4 21. Bh6 Bg4 22. Bxg7 Kxg7 23. Rf4 Be6 24. Rxh4 Kf8 25. Rf1 Ke7 26. c4 Qe5 27. b3 Rh8 28. Rxh8 Rxh8 29. Qf4 a5 30. Be4 c5 31. h3 Rg8 32. Bf5 a4 33. bxa4 Qxf4 34. Rxf4 Bxf5 35. Rxf5 Ra8 36. Rf2 Rxa4 37. Rc2 Ke6 38. h4 Kf5 39. Rf2+ Kg6 40. h5+ Kxh5 41. Rxf7 Rxc4 42. Rxc7 Kg4 43. Rd7 Rd4 44. a4 Kf5 45. a5 Ke6 46. Ra7 d5 47. a6 Ra4 48. Ra8 Ke5 49. a7 Kd4 50. g4 c4 51. g5 c3 52. g6 Kd3 53. g7 Rg4+ 54. Kf2 Rxg7 55. Rd8 Rf7+ 56. Ke1 Re7+ 57. Kf2 Rxa7 58. Rxd5+ Kc2 59. Rc5 Re7 60. Rc8 Kd2 61. Rd8+ Kc1 62. Rc8 c2 63. Rb8 Re5 0-1

[Event "EUCup 17th"]
[Site "Panormo"]
[Date "2001.09.27"]
[Round "5"]
[White "Slovineanu, Viacheslav"]
[Black "Santos, Carlos P"]
[Result "0-1"]
[WhiteElo "2406"]
[BlackElo "2423"]
[PlyCount "34"]
[EventDate "2001.09.22"]
[Source "ChessBase"]
[SourceDate "2001.10.26"]

1. e4 e5 2. Nf3 Nc6 3. Nc3 g6 4. d4 exd4 5. Nxd4 Bg7 6. Be3 Nf6 7. Qd2 O-O 8. O-O-O Re8 9. f3 d5 10. Bb5 Bd7 11. exd5 Nxd4 12. Bxd4 Bxb5 13. Nxb5 Qxd5 14. Nxc7 Qxa2 15. c3 Rec8 16. Nxa8 Nd5 17. Bxg7 Qa1+ 0-1

[Event "Warsaw"]
[Site "Warsaw"]
[Date "1983.??.??"]
[Round "1"]
[White "Skrobek, Ryszard"]
[Black "Sydor, Andrzej"]
[Result "1-0"]
[WhiteElo "2420"]
[BlackElo "2405"]
[PlyCount "87"]
[EventDate "1983.05.??"]
[Source "ChessBase"]

1. e4 e5 2. Nf3 Nc6 3. Nc3 g6 4. d4 exd4 5. Nd5 Bg7 6. Bg5 Nce7 7. Nxd4 c6 8. Nxe7 Nxe7 9. Qd2 h6 10. Bh4 d5 11. O-O-O dxe4 12. Qe3 Qa5 13. Bc4 Qc5 14. Qxe4 g5 15. Nb3 Qf5 16. Qxf5 Bxf5 17. Bg3 O-O 18. Rhe1 Rfe8 19. Na5 b6 20. Nb7 Be6 21. Bxe6 fxe6 22. Rxe6 Nf5 23. Rxe8+ Rxe8 24. Rd8 Rxd8 25. Nxd8 Nxg3 26. hxg3 c5 27. c3 a6 28. Kd2 Bf6 29. Ne6 Be5 30. Kd3 Kf7 31. Nd8+ Ke8 32. Ke4 Bxc3 33. bxc3 Kxd8 34. Kd5 Kd7 35. a4 Ke7 36. f4 Kd7 37. c4 g4 38. a5 bxa5 39. Kxc5 Ke6 40. Kd4 a4 41. Kc3 a5 42. Kb2 Kd6 43. Ka3 Kc5 44. f5 1-0

[Event "Evry"]
[Site "?"]
[Date "2005.02.24"]
[Round "6"]
[White "Bergez Luc"]
[Black "Murey Jacob"]
[Result "0-1"]
[WhiteElo "2371"]
[BlackElo "2450"]
[PlyCount "84"]
[EventDate "2005.??.??"]
[Source "www.chesslib.no"]
[SourceDate "2004.05.04"]

1. e4 e5 2. Nf3 Nc6 3. Nc3 g6 4. d4 exd4 5. Nxd4 Bg7 6. Nxc6 bxc6 7. Bc4 d6 8. Be3 Be6 9. Bd4 Bxd4 10. Qxd4 Qf6 11. Qxf6 Nxf6 12. Bxe6 fxe6 13. e5 Nd7 14. exd6 cxd6 15. O-O-O d5 16. Rhe1 Ke7 17. f4 Rhf8 18. g3 h6 19. h4 Kd6 20. Ne4+ Kc7 21. Nd2 e5 22. fxe5 Rae8 23. e6 Nc5 24. e7 Rf7 25. b4 Na4 26. Re6 Nc3 27. Rf1 Nxa2+ 28. Kb2 Rxf1 29. Nxf1 Nxb4 30. Kc3 c5 31. Kd2 d4 32. c3 Nc6 33. cxd4 cxd4 34. Rxg6 Rxe7 35. Rxh6 a5 36. Rh8 Kb7 37. h5 a4 38. h6 a3 39. Kc2 a2 40. Kb2 Re2+ 41. Nd2 Rxd2+ 42. Ka1 Nb4 0-1

[Event "Baku"]
[Site "Baku"]
[Date "1997.??.??"]
[Round "1"]
[White "Guseinov, Aidyn"]
[Black "Yilmaz, Turham"]
[Result "1-0"]
[WhiteElo "2430"]
[BlackElo "2390"]
[PlyCount "89"]
[EventDate "1997.??.??"]
[Source "www.chesslib.no"]
[SourceDate "2004.05.04"]

1. e4 e5 2. Nf3 Nc6 3. Nc3 g6 4. d4 exd4 5. Nd5 Bg7 6. Bg5 Nce7 7. Nxd4 a6 8. Qd2 h6 9. Bh4 d6 10. O-O-O g5 11. Nxe7 Nxe7 12. Bg3 Bd7 13. f3 Nc6 14. Bf2 Qf6 15. Qc3 g4 16. Kb1 h5 17. Qa3 Ne5 18. Be2 O-O 19. h3 b5 20. hxg4 b4 21. Qb3 hxg4 22. Bh4 Qg6 23. f4 Qxe4 24. fxe5 c5 25. Bd3 Qxe5 26. Bh7+ Kh8 27. Bg3 Qg5 28. Qd3 Rfe8 29. Bg8+ Kxg8 30. Qh7+ Kf8 31. Bxd6+ Re7 32. Rhe1 Rae8 33. Rxe7 Rxe7 34. Re1 Bf6 35. Bxe7+ Bxe7 36. Qh8+ Qg8 37. Qxg8+ Kxg8 38. Rxe7 Ba4 39. Nb3 c4 40. Nc5 Bb5 41. a4 bxa3 42. bxa3 c3 43. Re4 f5 44. Rf4 Kg7 45. Rxf5 1-0

[Event "Banja Luka"]
[Site "Banja Luka BIH"]
[Date "1987.??.??"]
[Round "9"]
[White "Trepp, Markus"]
[Black "Veroci, Zsuzsa"]
[Result "1/2-1/2"]
[WhiteElo "2405"]
[BlackElo "2415"]
[PlyCount "29"]
[EventDate "1987.04.??"]
[Source "www.chesslib.no"]
[SourceDate "2004.05.04"]

1. e4 e5 2. Nf3 Nc6 3. Nc3 g6 4. Bc4 Bg7 5. d3 Nf6 6. O-O d6 7. h3 O-O 8. Be3 Na5 9. Qd2 Nxc4 10. dxc4 Be6 11. b3 b6 12. Bg5 Qd7 13. Rfe1 Nh5 14. Nd5 Rae8 15. Bh6 1/2-1/2

[Event "Leipzig SG"]
[Site "?"]
[Date "1977.11.07"]
[Round "9"]
[White "Hennings Artur"]
[Black "Rigo Janos"]
[Result "1-0"]
[WhiteElo "2465"]
[BlackElo "2350"]
[PlyCount "49"]
[EventDate "1977.??.??"]
[Source "www.chesslib.no"]
[SourceDate "2004.05.04"]

1. e4 e5 2. Nf3 Nc6 3. Nc3 g6 4. d4 exd4 5. Nxd4 Bg7 6. Nxc6 bxc6 7. Bc4 Qh4 8. Qf3 d5 9. Nxd5 cxd5 10. Bxd5 Nf6 11. Bxa8 O-O 12. Bc6 Ng4 13. Qg3 Qe7 14. O-O g5 15. h3 Be5 16. f4 gxf4 17. Bxf4 Bxb2 18. Bd5 c6 19. Bb3 Qc5+ 20. Kh1 Qh5 21. Rab1 Bf6 22. Bd6 Bh4 23. hxg4 Bxg3+ 24. gxh5 Bxd6 25. Rxf7 1-0

[Event "EST-chT"]
[Site "Tallinn"]
[Date "1998.??.??"]
[Round "5"]
[White "Seeman, Tarvo"]
[Black "Nei, Iivo"]
[Result "1/2-1/2"]
[WhiteElo "2435"]
[BlackElo "2375"]
[PlyCount "86"]
[EventDate "1998.??.??"]
[Source "www.chesslib.no"]
[SourceDate "2004.05.04"]

1. e4 e5 2. Nf3 Nc6 3. Nc3 g6 4. d4 exd4 5. Nd5 Bg7 6. Bg5 Nce7 7. Nxd4 c6 8. Nc3 h6 9. Bh4 Qb6 10. Nb3 a5 11. a4 d5 12. Bd3 Be6 13. O-O Nf6 14. Qe2 d4 15. Nd1 g5 16. Bg3 Ng6 17. e5 Nd7 18. Bxg6 fxg6 19. Qe4 Bf5 20. Qxd4 Bxc2 21. Qxb6 Nxb6 22. Nc5 O-O-O 23. Ne3 Bf5 24. Ra3 Nd5 25. Nc4 b6 26. Nd3 Rhg8 27. Nd6+ Kc7 28. Rc1 Bf8 29. Rb3 Bxd3 30. Rxd3 Bxd6 31. exd6+ Kd7 32. Rc4 Rde8 33. h4 gxh4 34. Rxh4 h5 35. b3 Rgf8 36. f3 Re3 37. Rxe3 Nxe3 38. Bf2 Nd5 39. Bg3 Re8 40. Re4 Rxe4 41. fxe4 Nc3 42. Bf2 b5 43. e5 bxa4 1/2-1/2

[Event "POL-ch"]
[Site "Ksiaz"]
[Date "1998.03.20"]
[Round "8"]
[White "Cyborowski, Lukasz"]
[Black "Sosnicki, Michal"]
[Result "0-1"]
[WhiteElo "2425"]
[BlackElo "2385"]
[PlyCount "48"]
[EventDate "1998.03.12"]
[Source "ChessBase"]
[SourceDate "1998.04.29"]

1. e4 e5 2. Nf3 Nc6 3. Nc3 g6 4. d4 exd4 5. Nxd4 Bg7 6. Be3 Nge7 7. Bc4 d6 8. Qd2 O-O 9. O-O-O Nxd4 10. Bxd4 Be6 11. Bxg7 Kxg7 12. Bd5 Nxd5 13. exd5 Bf5 14. f3 Qh4 15. Rde1 Rae8 16. g4 Bd7 17. Ne4 f5 18. Qc3+ Kg8 19. gxf5 Qf4+ 20. Kb1 Qxf5 21. Qxc7 Qxf3 22. Qxd7 Rxe4 23. Qxd6 Rfe8 24. Rc1 Qxh1 0-1

[Event "Luzern ol (Men)"]
[Site "Lucerne SUI"]
[Date "1982.??.??"]
[Round "9"]
[White "Myagmarsuren, Lhamsuren"]
[Black "Frey Beckman, Kenneth"]
[Result "0-1"]
[WhiteElo "2350"]
[BlackElo "2460"]
[PlyCount "90"]
[EventDate "1982.10.??"]
[Source "www.chesslib.no"]
[SourceDate "2004.05.04"]

1. e4 e5 2. Nf3 Nc6 3. Nc3 g6 4. Bc4 Bg7 5. O-O d6 6. d3 Nf6 7. a3 O-O 8. h3 h6 9. Be3 Kh7 10. Qd2 Be6 11. Rae1 Bxc4 12. dxc4 Nd7 13. Nh2 Ne7 14. b3 b6 15. f3 Ng8 16. a4 a5 17. Ne2 Bf6 18. Ng4 Bg5 19. Nf2 Nc5 20. g3 Bxe3 21. Qxe3 Qg5 22. Qc3 Ne6 23. h4 Qe7 24. Kg2 Nf6 25. Qd2 Kg7 26. Nc3 c6 27. Ncd1 Nh5 28. Ng4 Rh8 29. Nde3 Rad8 30. Rh1 Qf8 31. Qc3 Kh7 32. Rd1 f5 33. exf5 gxf5 34. Nxe5 Qg7 35. Nxf5 Qxe5 36. Qxe5 dxe5 37. Kf2 Rhf8 38. Rxd8 Rxd8 39. Re1 Rd2+ 40. Re2 Rxe2+ 41. Kxe2 Nd4+ 42. Nxd4 exd4 43. g4 Nf4+ 44. Kf2 Kg6 45. Kg3 d3 0-1

[Event "ARG Ch"]
[Site "Salta"]
[Date "1987.??.??"]
[Round "12"]
[White "Campora, Daniel H"]
[Black "Ramirez, Emilio"]
[Result "1-0"]
[WhiteElo "2545"]
[BlackElo "2265"]
[PlyCount "34"]
[EventDate "1987.??.??"]
[Source "www.chesslib.no"]
[SourceDate "2004.05.04"]

1. e4 e5 2. Nf3 Nc6 3. Nc3 g6 4. d4 exd4 5. Nxd4 Bg7 6. Be3 Nge7 7. Qd2 O-O 8. O-O-O d6 9. h4 Nxd4 10. Bxd4 Bxd4 11. Qxd4 Nc6 12. Qe3 Be6 13. h5 Qe7 14. f4 f6 15. hxg6 hxg6 16. f5 Bxf5 17. Qh6 Be6 1-0

[Event "Espoo Open"]
[Site "Espoo"]
[Date "1992.??.??"]
[Round "?"]
[White "Kiik, Kalle"]
[Black "Klovans, Janis"]
[Result "0-1"]
[WhiteElo "2395"]
[BlackElo "2410"]
[PlyCount "90"]
[EventDate "1992.??.??"]
[Source "www.chesslib.no"]
[SourceDate "2004.05.04"]

1. e4 e5 2. Nf3 Nc6 3. Nc3 g6 4. d4 exd4 5. Nd5 Bg7 6. Bg5 Nce7 7. e5 h6 8. Nxe7 Nxe7 9. Bh4 c5 10. c3 O-O 11. cxd4 cxd4 12. Bxe7 Qxe7 13. Qxd4 d6 14. Qxd6 Qxd6 15. exd6 Bxb2 16. Rd1 Bc3+ 17. Ke2 Rd8 18. Ke3 Be6 19. a3 Rac8 20. Be2 Rc6 21. Nd4 Bxd4+ 22. Rxd4 Rdxd6 23. Rxd6 Rxd6 24. Rb1 b6 25. Rc1 Rd5 26. Rc3 Kf8 27. h4 Ke7 28. h5 g5 29. Rc7+ Rd7 30. Rc6 Rd6 31. Rc7+ Rd7 32. Rc6 Kd8 33. f4 Rd5 34. Rc3 gxf4+ 35. Kxf4 Kd7 36. g4 Kd6 37. Bf3 Rd4+ 38. Kg3 Ra4 39. Re3 b5 40. Be4 f6 41. Bf3 Rd4 42. Be4 a5 43. Bf5 Bxf5 44. gxf5 Kc5 45. Re6 Rd6 0-1

[Event "Club Argentino Torre Blanca 45b"]
[Site "?"]
[Date "2001.12.27"]
[Round "1.5"]
[White "Dolezal Cristian"]
[Black "Flores Diego"]
[Result "1-0"]
[WhiteElo "2389"]
[BlackElo "2413"]
[PlyCount "129"]
[EventDate "2001.??.??"]
[Source "www.chesslib.no"]
[SourceDate "2004.05.04"]

1. e4 e5 2. Nf3 Nc6 3. Nc3 g6 4. d4 exd4 5. Nxd4 Bg7 6. Nde2 d6 7. g3 Bg4 8. Bg2 Ne5 9. f4 Nf3+ 10. Kf2 Nd4 11. h3 Nxe2 12. Nxe2 Bd7 13. Re1 Ne7 14. Kg1 O-O 15. Nd4 Re8 16. c3 c5 17. Nc2 Bc6 18. Be3 b6 19. Bf2 Qd7 20. Qd3 Rad8 21. Ne3 Qb7 22. Nd5 f5 23. Rad1 fxe4 24. Bxe4 Nxd5 25. Bxd5+ Bxd5 26. Qxd5+ Qxd5 27. Rxd5 Rxe1+ 28. Bxe1 Kf7 29. g4 Ke6 30. Rd2 d5 31. Re2+ Kf7 32. Bh4 Rd7 33. Kf1 d4 34. cxd4 Rxd4 35. Bg3 a5 36. b3 a4 37. bxa4 Rxa4 38. f5 gxf5 39. gxf5 c4 40. Ke1 Ra3 41. Bf2 b5 42. Be3 Bf6 43. Kd1 Rd3+ 44. Kc2 Rd5 45. Rf2 b4 46. Bd2 Ra5 47. Kb1 c3 48. Be3 Re5 49. Rf3 Rd5 50. Kc2 Ra5 51. Kb3 Ra3+ 52. Kxb4 Be7+ 53. Kc4 c2 54. Rf2 Rxe3 55. Rxc2 Rxh3 56. Kd5 h5 57. Ke4 Rg3 58. Rc6 Ra3 59. Rh6 h4 60. Rh7+ Ke8 61. Rh6 Rxa2 62. f6 Bf8 63. Rh7 Ra4+ 64. Kd5 Ba3 65. Ke6 1-0

[Event "FIN Team Ch"]
[Site "Finland"]
[Date "1988.??.??"]
[Round "?"]
[White "Valkesalmi, Kimmo"]
[Black "Rantanen, Yrjo A"]
[Result "1/2-1/2"]
[WhiteElo "2425"]
[BlackElo "2375"]
[PlyCount "82"]
[EventDate "1988.??.??"]
[Source "www.chesslib.no"]
[SourceDate "2004.05.04"]

1. e4 e5 2. Nf3 Nc6 3. Nc3 g6 4. d4 exd4 5. Nd5 Bg7 6. Bg5 Nce7 7. Qd2 h6 8. Bh4 d6 9. Nxd4 g5 10. Bg3 Nxd5 11. exd5 Nf6 12. Bb5+ Kf8 13. O-O-O Ne4 14. Qe3 Nxg3 15. fxg3 Qe7 16. Qd3 g4 17. Rhf1 Be5 18. Rd2 a6 19. Ba4 Kg8 20. c3 Qg5 21. Nf5 b5 22. Bc2 Bd7 23. h4 gxh3 24. gxh3 Re8 25. h4 Qg4 26. Rdf2 Bxf5 27. Rxf5 Re7 28. Bd1 Qc4 29. Qf3 Rh7 30. Bb3 Qc5 31. Kb1 a5 32. a3 Rg7 33. g4 b4 34. axb4 axb4 35. cxb4 Qd4 36. Qf2 Qxb4 37. Bd1 Qd4 38. Qxd4 Bxd4 39. g5 hxg5 40. hxg5 Be5 41. Bh5 Bd4 1/2-1/2

[Event "Open, Mallorca ESP"]
[Site "?"]
[Date "2000.??.??"]
[Round "6"]
[White "Fernandez Romero, Ern"]
[Black "Rivas Pastor, M."]
[Result "1-0"]
[WhiteElo "2380"]
[BlackElo "2420"]
[PlyCount "45"]
[EventDate "2000.??.??"]
[Source "www.chesslib.no"]
[SourceDate "2004.05.04"]

1. e4 e5 2. Nf3 Nc6 3. Nc3 g6 4. d4 exd4 5. Nxd4 Bg7 6. Be3 d6 7. Qd2 Nf6 8. f3 O-O 9. O-O-O Nxd4 10. Bxd4 Be6 11. Be3 Re8 12. Bh6 Bh8 13. g4 a6 14. h4 b5 15. Bg5 b4 16. Nd5 Bxd5 17. exd5 c6 18. Bc4 Qa5 19. h5 Nxd5 20. hxg6 fxg6 21. Qh2 Ra7 22. Qxd6 Rf7 23. Qxc6 1-0

[Event "Lee Cup"]
[Site "Beijing CHN"]
[Date "1995.??.??"]
[Round "7"]
[White "Yu Shaoteng"]
[Black "Ye Rongguang"]
[Result "0-1"]
[WhiteElo "2265"]
[BlackElo "2535"]
[PlyCount "78"]
[EventDate "1995.08.??"]
[Source "www.chesslib.no"]
[SourceDate "2004.05.04"]

1. e4 e5 2. Nf3 Nc6 3. Nc3 g6 4. d4 exd4 5. Nxd4 Bg7 6. Be3 d6 7. Be2 Nf6 8. O-O O-O 9. f4 Nxe4 10. Nxe4 Qe7 11. Bf3 f5 12. Qd3 fxe4 13. Bxe4 Nb4 14. Qb3+ Kh8 15. Bf3 c5 16. Rae1 Qf7 17. Qxf7 Rxf7 18. Nb5 Nxc2 19. Re2 Nxe3 20. Rxe3 Bd7 21. Nxd6 Rxf4 22. Re7 Bc6 23. Nf7+ Kg8 24. Ne5 Bxf3 25. Nxf3 Rf7 26. Rxf7 Kxf7 27. Ng5+ Kg8 28. Ne6 Bxb2 29. Rb1 Be5 30. Rxb7 c4 31. Rb5 Bf6 32. Nc7 Rf8 33. Rb1 Bd4+ 34. Kh1 Bb2 35. Ne6 Rf6 36. Kg1 c3 37. Nd4 Rd6 38. Nb3 Rb6 39. Nd4 c2 0-1

[Event "City"]
[Site "Matanzas City CUB"]
[Date "1994.??.??"]
[Round "1"]
[White "Sieiro-Gonzalez, Luis"]
[Black "Galego, Luis"]
[Result "0-1"]
[WhiteElo "2405"]
[BlackElo "2390"]
[PlyCount "92"]
[EventDate "1994.??.??"]
[Source "www.chesslib.no"]
[SourceDate "2004.05.04"]

1. e4 e5 2. Nf3 Nc6 3. Nc3 g6 4. d4 exd4 5. Nxd4 Bg7 6. Be3 Nge7 7. Qd2 O-O 8. O-O-O d6 9. h4 h5 10. f3 Ne5 11. Be2 a6 12. g4 hxg4 13. f4 c5 14. Nb3 Nf3 15. Bxf3 gxf3 16. Bxc5 Bg4 17. Bd4 Bxd4 18. Qxd4 Nc6 19. Qxd6 Qxd6 20. Rxd6 Rad8 21. Rxd8 Rxd8 22. Rd1 Kg7 23. Nc5 Nd4 24. Nd3 Ne2+ 25. Nxe2 fxe2 26. Rg1 Bf3 27. e5 Rh8 28. Kd2 Rxh4 29. f5 Bh5 30. f6+ Kf8 31. Rg3 Ke8 32. Re3 g5 33. b3 Rh2 34. e6 fxe6 35. Rxe6+ Kf7 36. Rd6 Rh1 37. Ne1 g4 38. Kxe2 g3+ 39. Kd2 Rh2+ 40. Kc3 Re2 41. Rd1 Kxf6 42. Rc1 Bg6 43. Nd3 Kg5 44. Kd4 g2 45. Rg1 Bxd3 46. Kxd3 Rf2 0-1

[Event "HUN Team Ch"]
[Site "HUN"]
[Date "1993.??.??"]
[Round "?"]
[White "Sziebert, Adam"]
[Black "Almasi, Zoltan"]
[Result "0-1"]
[WhiteElo "2295"]
[BlackElo "2490"]
[PlyCount "54"]
[EventDate "1993.??.??"]
[Source "www.chesslib.no"]
[SourceDate "2004.05.04"]

1. e4 e5 2. Nf3 Nc6 3. Nc3 g6 4. d4 exd4 5. Nd5 Bg7 6. Bg5 Nce7 7. Nxd4 c6 8. Nc3 Qa5 9. Qd2 Nf6 10. Nb3 Qc7 11. Bf4 Qd8 12. Qd6 Kf8 13. Be2 h6 14. O-O Ne8 15. Qd2 g5 16. Be3 Ng6 17. f4 gxf4 18. Bxf4 Nxf4 19. Qxf4 Qe7 20. Rad1 Be5 21. Qf2 d6 22. Bc4 Nf6 23. Qh4 Rh7 24. Nd4 Ng4 25. Qh5 d5 26. Nxd5 cxd5 27. Bxd5 Nf6 0-1